[Event "ODJM B 2025"]
[Site "Willingen GER"]
[Date "2025.06.08"]
[Round "1"]
[White "Grunert, Greta"]
[Black "Göb, Franziska"]
[Result "0-1"]
[Termination "normal"]
[Board "68"]
[WhiteElo "1558"]
[BlackElo "1611"]
[WhiteClock "00:00:56"]
[BlackClock "00:05:34"]
[PlyCount "82"]
[WhiteFideId "16258649"]
[BlackFideId "16293177"]
[EventCountry "GER"]
[EventRounds "9"]
[EventType "swiss"]
[EventDate "2025.06.07"]

1. e4 {[%clk 01:30:58]} {[%emt 00:00:02]} d6 {[%clk 01:30:56]} {[%emt
00:00:04]} 2. d4 {[%clk 01:31:21]} {[%emt 00:00:07]} Nf6 {[%clk 01:31:14]}
{[%emt 00:00:12]} 3. Nc3 {[%clk 01:31:25]} {[%emt 00:00:25]} Nbd7 {[%clk
01:31:19]} {[%emt 00:00:25]} 4. Nf3 {[%clk 01:30:13]} {[%emt 00:01:42]} e5
{[%clk 01:31:22]} {[%emt 00:00:26]} 5. dxe5 {[%clk 01:28:53]} {[%emt 00:01:50]}
dxe5 {[%clk 01:29:28]} {[%emt 00:02:24]} 6. Bg5 {[%clk 01:26:19]} {[%emt
00:03:03]} c6 {[%clk 01:20:10]} {[%emt 00:09:49]} 7. a3 {[%clk 01:22:53]}
{[%emt 00:03:57]} Be7 {[%clk 01:15:44]} {[%emt 00:04:55]} 8. Bc4 {[%clk
01:17:26]} {[%emt 00:05:56]} O-O {[%clk 01:12:21]} {[%emt 00:03:55]} 9. O-O
{[%clk 01:15:58]} {[%emt 00:01:58]} h6 {[%clk 01:11:05]} {[%emt 00:01:47]} 10.
Bh4 {[%clk 01:15:40]} {[%emt 00:00:41]} Re8 {[%clk 01:07:40]} {[%emt 00:04:02]}
11. Bg3 {[%clk 01:07:27]} {[%emt 00:08:39]} Qc7 {[%clk 00:53:10]} {[%emt
00:15:03]} 12. Re1 {[%clk 00:53:09]} {[%emt 00:14:48]} Bd6 {[%clk 00:41:29]}
{[%emt 00:12:10]} 13. Qd2 {[%clk 00:48:40]} {[%emt 00:04:56]} Nh5 {[%clk
00:36:40]} {[%emt 00:05:21]} 14. Rad1 {[%clk 00:46:04]} {[%emt 00:03:06]} Bf8
{[%clk 00:32:18]} {[%emt 00:04:52]} 15. Bh4 {[%clk 00:40:19]} {[%emt 00:06:15]}
Nf4 {[%clk 00:29:04]} {[%emt 00:03:45]} 16. Bg3 {[%clk 00:38:15]} {[%emt
00:02:34]} g5 {[%clk 00:25:23]} {[%emt 00:04:11]} 17. Bxf4 {[%clk 00:37:06]}
{[%emt 00:01:39]} gxf4 {[%clk 00:20:21]} {[%emt 00:05:33]} 18. Nh4 {[%clk
00:31:36]} {[%emt 00:05:58]} Nf6 {[%clk 00:17:24]} {[%emt 00:03:27]} 19. h3
{[%clk 00:25:36]} {[%emt 00:06:30]} Kh7 {[%clk 00:15:34]} {[%emt 00:02:19]} 20.
b4 {[%clk 00:24:05]} {[%emt 00:02:03]} b5 {[%clk 00:14:34]} {[%emt 00:01:30]}
21. Bb3 {[%clk 00:23:27]} {[%emt 00:01:08]} a5 {[%clk 00:12:45]} {[%emt
00:02:19]} 22. bxa5 {[%clk 00:15:57]} {[%emt 00:08:00]} Rxa5 {[%clk 00:12:40]}
{[%emt 00:00:36]} 23. a4 {[%clk 00:14:40]} {[%emt 00:01:46]} bxa4 {[%clk
00:11:51]} {[%emt 00:01:19]} 24. Bxa4 {[%clk 00:14:33]} {[%emt 00:00:37]} Ra8
{[%clk 00:11:23]} {[%emt 00:00:58]} 25. Rb1 {[%clk 00:13:06]} {[%emt 00:01:56]}
Bc5 {[%clk 00:10:34]} {[%emt 00:01:20]} 26. Nf3 {[%clk 00:10:19]} {[%emt
00:03:17]} Rg8 {[%clk 00:09:22]} {[%emt 00:01:42]} 27. Kh1 {[%clk 00:06:38]}
{[%emt 00:04:10]} Be6 {[%clk 00:08:56]} {[%emt 00:00:56]} 28. Bb3 {[%clk
00:06:16]} {[%emt 00:00:53]} Bxb3 {[%clk 00:08:55]} {[%emt 00:00:31]} 29. Rxb3
{[%clk 00:06:35]} {[%emt 00:00:11]} Rg7 {[%clk 00:08:00]} {[%emt 00:01:25]} 30.
Rg1 {[%clk 00:06:30]} {[%emt 00:00:34]} Qa7 {[%clk 00:07:45]} {[%emt 00:00:45]}
31. Nxe5 {[%clk 00:05:22]} {[%emt 00:01:40]} Bxf2 {[%clk 00:07:38]} {[%emt
00:00:36]} 32. Rf1 {[%clk 00:05:45]} {[%emt 00:00:07]} Be3 {[%clk 00:07:33]}
{[%emt 00:00:35]} 33. Qe2 {[%clk 00:05:45]} {[%emt 00:00:29]} Qc5 {[%clk
00:06:16]} {[%emt 00:01:47]} 34. Nc4 {[%clk 00:04:39]} {[%emt 00:01:38]} Nh5
{[%clk 00:05:28]} {[%emt 00:01:17]} 35. Rf3 {[%clk 00:02:18]} {[%emt 00:02:51]}
Ng3+ {[%clk 00:05:22]} {[%emt 00:00:35]} 36. Rxg3 {[%clk 00:02:36]} {[%emt
00:00:13]} Rxg3 {[%clk 00:05:48]} {[%emt 00:00:05]} 37. Nxe3 {[%clk 00:01:55]}
{[%emt 00:01:10]} Rxe3 {[%clk 00:05:42]} {[%emt 00:00:36]} 38. Qd2 {[%clk
00:01:12]} {[%emt 00:01:14]} Ra1+ {[%clk 00:05:08]} {[%emt 00:01:04]} 39. Rb1
{[%clk 00:01:03]} {[%emt 00:00:38]} Qxc3 {[%clk 00:04:51]} {[%emt 00:00:49]}
40. Qxc3 {[%clk 00:00:39]} {[%emt 00:00:52]} Rxb1+ {[%clk 00:05:14]} {[%emt
00:00:07]} 41. Kh2 {[%clk 00:00:56]} {[%emt 00:00:13]} Rxc3 {[%clk 00:05:34]}
{[%emt 00:00:11]} 0-1

[Event "ODJM B 2025"]
[Site "Willingen GER"]
[Date "2025.06.08"]
[Round "2"]
[White "Schöne, Finn"]
[Black "Petrow, Andre"]
[Result "0-1"]
[Termination "normal"]
[Board "1"]
[WhiteElo "1843"]
[BlackElo "1831"]
[WhiteClock "00:16:30"]
[BlackClock "00:26:12"]
[PlyCount "76"]
[WhiteFideId "34623493"]
[BlackFideId "34612815"]
[EventCountry "GER"]
[EventRounds "9"]
[EventType "swiss"]
[EventDate "2025.06.07"]

1. d4 {[%clk 01:30:58]} {[%emt 00:00:01]} Nf6 {[%clk 01:30:51]} {[%emt
00:00:10]} 2. Nc3 {[%clk 01:31:23]} {[%emt 00:00:05]} e6 {[%clk 01:31:08]}
{[%emt 00:00:13]} 3. Bf4 {[%clk 01:31:40]} {[%emt 00:00:12]} d5 {[%clk
01:31:22]} {[%emt 00:00:17]} 4. Nb5 {[%clk 01:32:02]} {[%emt 00:00:08]} Na6
{[%clk 01:31:19]} {[%emt 00:00:33]} 5. e3 {[%clk 01:32:28]} {[%emt 00:00:05]}
c6 {[%clk 01:29:05]} {[%emt 00:02:43]} 6. Nc3 {[%clk 01:32:53]} {[%emt
00:00:04]} Nc7 {[%clk 01:29:11]} {[%emt 00:00:25]} 7. Nf3 {[%clk 01:32:56]}
{[%emt 00:00:26]} Bb4 {[%clk 01:24:47]} {[%emt 00:04:54]} 8. Bd3 {[%clk
01:33:01]} {[%emt 00:00:25]} Nb5 {[%clk 01:21:44]} {[%emt 00:03:34]} 9. Bxb5
{[%clk 01:28:20]} {[%emt 00:05:11]} cxb5 {[%clk 01:21:46]} {[%emt 00:00:28]}
10. Qd3 {[%clk 01:28:39]} {[%emt 00:00:11]} Bd7 {[%clk 01:20:07]} {[%emt
00:02:08]} 11. O-O {[%clk 01:27:43]} {[%emt 00:01:26]} Bxc3 {[%clk 01:18:46]}
{[%emt 00:01:51]} 12. Qxc3 {[%clk 01:22:42]} {[%emt 00:05:32]} O-O {[%clk
01:18:05]} {[%emt 00:01:12]} 13. Qd3 {[%clk 01:18:44]} {[%emt 00:04:26]} a6
{[%clk 01:09:29]} {[%emt 00:09:08]} 14. Rfc1 {[%clk 01:11:54]} {[%emt
00:07:19]} b4 {[%clk 00:49:17]} {[%emt 00:20:44]} 15. c3 {[%clk 01:05:39]}
{[%emt 00:06:44]} Bb5 {[%clk 00:48:09]} {[%emt 00:01:38]} 16. Qd1 {[%clk
01:05:42]} {[%emt 00:00:22]} bxc3 {[%clk 00:47:47]} {[%emt 00:00:57]} 17. Rxc3
{[%clk 01:04:30]} {[%emt 00:01:41]} Ne4 {[%clk 00:47:19]} {[%emt 00:00:58]} 18.
Rc2 {[%clk 01:01:22]} {[%emt 00:03:36]} Rc8 {[%clk 00:44:48]} {[%emt 00:03:04]}
19. Rxc8 {[%clk 00:57:10]} {[%emt 00:04:42]} Qxc8 {[%clk 00:44:55]} {[%emt
00:00:23]} 20. Rc1 {[%clk 00:57:34]} {[%emt 00:00:04]} Qd8 {[%clk 00:45:04]}
{[%emt 00:00:22]} 21. a4 {[%clk 00:54:51]} {[%emt 00:03:12]} Bc6 {[%clk
00:43:26]} {[%emt 00:02:09]} 22. Ne5 {[%clk 00:47:41]} {[%emt 00:07:40]} Qb6
{[%clk 00:43:07]} {[%emt 00:00:50]} 23. Nxc6 {[%clk 00:46:37]} {[%emt
00:01:33]} bxc6 {[%clk 00:43:29]} {[%emt 00:00:09]} 24. f3 {[%clk 00:43:46]}
{[%emt 00:03:20]} Nf6 {[%clk 00:43:08]} {[%emt 00:00:51]} 25. Rc3 {[%clk
00:40:14]} {[%emt 00:04:01]} Qxb2 {[%clk 00:26:50]} {[%emt 00:16:49]} 26. Rxc6
{[%clk 00:40:21]} {[%emt 00:00:23]} Qa3 {[%clk 00:27:03]} {[%emt 00:00:18]} 27.
Rxa6 {[%clk 00:28:37]} {[%emt 00:12:12]} Rc8 {[%clk 00:26:28]} {[%emt
00:01:06]} 28. h3 {[%emt 00:05:12]} g5 {[%emt 00:00:59]} 29. Bd6 {[%emt
00:00:40]} Qxe3+ {[%clk 00:25:30]} {[%emt 00:00:03]} 30. Kh2 {[%clk 00:24:56]}
{[%emt 00:00:15]} Rc1 {[%clk 00:25:22]} {[%emt 00:00:39]} 31. Ra8+ {[%clk
00:24:33]} {[%emt 00:00:54]} Kg7 {[%clk 00:25:43]} {[%emt 00:00:09]} 32. Bf8+
{[%clk 00:24:02]} {[%emt 00:01:00]} Kg6 {[%clk 00:26:04]} {[%emt 00:00:10]} 33.
Qxc1 {[%clk 00:22:15]} {[%emt 00:02:17]} Qxc1 {[%clk 00:26:26]} {[%emt
00:00:07]} 34. a5 {[%clk 00:22:36]} {[%emt 00:00:09]} Qf4+ {[%clk 00:26:04]}
{[%emt 00:00:52]} 35. Kh1 {[%clk 00:22:33]} {[%emt 00:00:31]} Nh5 {[%clk
00:26:08]} {[%emt 00:00:28]} 36. a6 {[%clk 00:15:52]} {[%emt 00:07:11]} Ng3+
{[%clk 00:25:29]} {[%emt 00:01:09]} 37. Kh2 {[%clk 00:16:19]} {[%emt 00:00:03]}
Ne2+ {[%clk 00:25:56]} {[%emt 00:00:03]} 38. Kh1 {[%clk 00:16:30]} {[%emt
00:00:18]} Qc1+ {[%clk 00:26:12]} {[%emt 00:00:13]} 0-1

[Event "ODJM B 2025"]
[Site "Willingen GER"]
[Date "2025.06.08"]
[Round "2"]
[White "Duchstein, Anna"]
[Black "Gulamov, Elmir"]
[Result "1-0"]
[Termination "normal"]
[Board "2"]
[WhiteElo "1724"]
[BlackElo "1765"]
[WhiteClock "00:57:46"]
[BlackClock "00:48:25"]
[PlyCount "75"]
[WhiteFideId "16261372"]
[BlackFideId "34604332"]
[EventCountry "GER"]
[EventRounds "9"]
[EventType "swiss"]
[EventDate "2025.06.07"]

1. e4 {[%clk 01:30:51]} {[%emt 00:00:09]} e6 {[%clk 01:30:56]} {[%emt
00:00:04]} 2. d4 {[%clk 01:31:12]} {[%emt 00:00:08]} d5 {[%clk 01:31:22]}
{[%emt 00:00:04]} 3. e5 {[%clk 01:31:16]} {[%emt 00:00:26]} c5 {[%clk
01:31:47]} {[%emt 00:00:05]} 4. c3 {[%clk 01:31:20]} {[%emt 00:00:26]} Nc6
{[%clk 01:32:08]} {[%emt 00:00:10]} 5. Nf3 {[%clk 01:31:40]} {[%emt 00:00:10]}
cxd4 {[%clk 01:32:11]} {[%emt 00:00:27]} 6. cxd4 {[%clk 01:31:53]} {[%emt
00:00:17]} Qb6 {[%clk 01:32:36]} {[%emt 00:00:05]} 7. Nc3 {[%clk 01:29:03]}
{[%emt 00:03:20]} Bd7 {[%clk 01:31:37]} {[%emt 00:01:29]} 8. Be2 {[%clk
01:28:50]} {[%emt 00:00:43]} Nge7 {[%clk 01:31:29]} {[%emt 00:00:38]} 9. O-O
{[%clk 01:27:26]} {[%emt 00:01:54]} Nf5 {[%clk 01:31:47]} {[%emt 00:00:12]} 10.
Na4 {[%clk 01:25:18]} {[%emt 00:02:39]} Qa5 {[%clk 01:30:31]} {[%emt 00:01:46]}
11. Nc3 {[%clk 01:24:01]} {[%emt 00:01:46]} Qb6 {[%clk 01:30:47]} {[%emt
00:00:14]} 12. Na4 {[%clk 01:24:15]} {[%emt 00:00:17]} Qd8 {[%clk 01:30:03]}
{[%emt 00:01:11]} 13. Nc3 {[%clk 01:21:48]} {[%emt 00:02:59]} Be7 {[%clk
01:30:21]} {[%emt 00:00:11]} 14. Be3 {[%clk 01:20:56]} {[%emt 00:01:22]} O-O
{[%clk 01:29:17]} {[%emt 00:01:33]} 15. a3 {[%clk 01:20:58]} {[%emt 00:00:29]}
f6 {[%clk 01:28:51]} {[%emt 00:00:56]} 16. Bf4 {[%clk 01:20:06]} {[%emt
00:01:22]} fxe5 {[%clk 01:28:32]} {[%emt 00:00:49]} 17. Bxe5 {[%clk 01:20:18]}
{[%emt 00:00:19]} Bf6 {[%clk 01:28:32]} {[%emt 00:00:30]} 18. Bb5 {[%clk
01:18:52]} {[%emt 00:01:55]} Bxe5 {[%clk 01:24:13]} {[%emt 00:04:49]} 19. Nxe5
{[%clk 01:16:50]} {[%emt 00:02:32]} Nfxd4 {[%clk 01:23:01]} {[%emt 00:01:43]}
20. Nxd7 {[%clk 01:16:58]} {[%emt 00:00:23]} Nxb5 {[%clk 01:17:40]} {[%emt
00:05:50]} 21. Nxf8 {[%clk 01:16:20]} {[%emt 00:01:08]} Nxc3 {[%clk 01:17:16]}
{[%emt 00:00:55]} 22. Nxe6 {[%emt 00:06:40]} Nxd1 {[%clk 01:13:34]} {[%emt
00:00:12]} 23. Nxd8 {[%clk 01:14:32]} {[%emt 00:00:07]} Rxd8 {[%clk 01:13:16]}
{[%emt 00:00:48]} 24. Rfxd1 {[%clk 01:14:44]} {[%emt 00:00:17]} Kf7 {[%clk
01:13:20]} {[%emt 00:00:26]} 25. Re1 {[%clk 01:14:27]} {[%emt 00:00:47]} Kf6
{[%clk 01:13:06]} {[%emt 00:00:43]} 26. f4 {[%clk 01:12:31]} {[%emt 00:02:26]}
Kf5 {[%clk 01:12:26]} {[%emt 00:01:10]} 27. g3 {[%clk 01:12:28]} {[%emt
00:00:35]} d4 {[%clk 01:12:03]} {[%emt 00:00:52]} 28. Rad1 {[%clk 01:12:18]}
{[%emt 00:00:39]} Rd5 {[%clk 01:05:35]} {[%emt 00:06:58]} 29. b4 {[%clk
01:11:17]} {[%emt 00:01:32]} a6 {[%clk 01:05:50]} {[%emt 00:00:15]} 30. Kf2
{[%clk 01:11:29]} {[%emt 00:00:18]} h5 {[%clk 01:04:50]} {[%emt 00:01:30]} 31.
Rd3 {[%clk 01:08:38]} {[%emt 00:03:20]} g6 {[%clk 01:02:39]} {[%emt 00:02:42]}
32. Kf3 {[%clk 01:07:36]} {[%emt 00:01:31]} Rd8 {[%clk 00:54:48]} {[%emt
00:08:21]} 33. h3 {[%clk 01:06:54]} {[%emt 00:01:11]} Kf6 {[%clk 00:53:23]}
{[%emt 00:01:56]} 34. g4 {[%clk 01:04:06]} {[%emt 00:03:18]} hxg4+ {[%clk
00:53:32]} {[%emt 00:00:22]} 35. hxg4 {[%clk 01:03:33]} {[%emt 00:01:03]} Rh8
{[%clk 00:53:38]} {[%emt 00:00:24]} 36. Kg3 {[%clk 01:01:41]} {[%emt 00:02:21]}
b5 {[%clk 00:50:21]} {[%emt 00:03:48]} 37. Rc1 {[%clk 00:58:17]} {[%emt
00:03:55]} Rc8 {[%clk 00:48:25]} {[%emt 00:02:26]} 38. Rxd4 {[%clk 00:57:46]}
{[%emt 00:01:00]} 1-0

[Event "ODJM B 2025"]
[Site "Willingen GER"]
[Date "2025.06.08"]
[Round "2"]
[White "Thoms, Eric"]
[Black "Ott, Claudius"]
[Result "1/2-1/2"]
[Termination "normal"]
[Board "3"]
[WhiteElo "1716"]
[BlackElo "1835"]
[WhiteClock "01:08:23"]
[BlackClock "00:35:27"]
[PlyCount "156"]
[WhiteFideId "34623450"]
[BlackFideId "34621024"]
[EventCountry "GER"]
[EventRounds "9"]
[EventType "swiss"]
[EventDate "2025.06.07"]

1. e4 {[%clk 01:30:56]} {[%emt 00:00:03]} c5 {[%clk 01:30:51]} {[%emt
00:00:10]} 2. Nf3 {[%clk 01:31:19]} {[%emt 00:00:06]} d6 {[%clk 01:31:04]}
{[%emt 00:00:17]} 3. d4 {[%clk 01:31:40]} {[%emt 00:00:09]} cxd4 {[%clk
01:31:30]} {[%emt 00:00:04]} 4. Nxd4 {[%clk 01:32:00]} {[%emt 00:00:10]} Nf6
{[%clk 01:31:52]} {[%emt 00:00:08]} 5. Nc3 {[%clk 01:32:19]} {[%emt 00:00:11]}
g6 {[%clk 01:32:17]} {[%emt 00:00:05]} 6. f3 {[%clk 01:31:41]} {[%emt
00:01:08]} Bg7 {[%clk 01:32:42]} {[%emt 00:00:04]} 7. Be3 {[%clk 01:32:02]}
{[%emt 00:00:09]} O-O {[%clk 01:33:07]} {[%emt 00:00:06]} 8. Bc4 {[%clk
01:31:47]} {[%emt 00:00:45]} Nc6 {[%clk 01:33:31]} {[%emt 00:00:06]} 9. O-O
{[%clk 01:31:22]} {[%emt 00:00:55]} Bd7 {[%clk 01:33:05]} {[%emt 00:00:57]} 10.
Qd2 {[%clk 01:30:25]} {[%emt 00:01:27]} Rc8 {[%clk 01:33:26]} {[%emt 00:00:09]}
11. Bb3 {[%clk 01:30:39]} {[%emt 00:00:16]} Nxd4 {[%clk 01:33:06]} {[%emt
00:00:50]} 12. Bxd4 {[%clk 01:30:52]} {[%emt 00:00:17]} a6 {[%clk 01:33:32]}
{[%emt 00:00:05]} 13. Kh1 {[%clk 01:30:11]} {[%emt 00:01:10]} Qa5 {[%clk
01:31:56]} {[%emt 00:02:06]} 14. Rad1 {[%clk 01:30:00]} {[%emt 00:00:40]} Rfd8
{[%clk 01:28:25]} {[%emt 00:04:02]} 15. Nd5 {[%clk 01:27:45]} {[%emt 00:02:45]}
Qxd2 {[%clk 01:28:39]} {[%emt 00:00:16]} 16. Nxf6+ {[%clk 01:27:59]} {[%emt
00:00:15]} Bxf6 {[%clk 01:28:44]} {[%emt 00:00:25]} 17. Rxd2 {[%clk 01:28:19]}
{[%emt 00:00:10]} Bg5 {[%clk 01:26:04]} {[%emt 00:03:09]} 18. f4 {[%clk
01:24:48]} {[%emt 00:04:01]} Bh6 {[%clk 01:26:28]} {[%emt 00:00:07]} 19. e5
{[%clk 01:24:46]} {[%emt 00:00:31]} Bb5 {[%clk 01:22:47]} {[%emt 00:04:11]} 20.
Rff2 {[%clk 01:25:07]} {[%emt 00:00:09]} Bc4 {[%clk 01:19:29]} {[%emt
00:03:49]} 21. Bxc4 {[%clk 01:24:36]} {[%emt 00:01:00]} Rxc4 {[%clk 01:19:52]}
{[%emt 00:00:06]} 22. c3 {[%clk 01:23:53]} {[%emt 00:01:13]} dxe5 {[%clk
01:13:35]} {[%emt 00:06:47]} 23. Bxe5 {[%clk 01:23:44]} {[%emt 00:00:39]} Rxd2
{[%clk 01:13:24]} {[%emt 00:00:40]} 24. Rxd2 {[%clk 01:24:08]} {[%emt
00:00:07]} f6 {[%clk 01:13:51]} {[%emt 00:00:03]} 25. Bb8 {[%clk 01:22:42]}
{[%emt 00:01:55]} Bxf4 {[%clk 01:13:56]} {[%emt 00:00:26]} 26. Bxf4 {[%clk
01:22:28]} {[%emt 00:00:45]} Rxf4 {[%clk 01:14:21]} {[%emt 00:00:05]} 27. g3
{[%clk 01:22:48]} {[%emt 00:00:08]} Re4 {[%clk 01:14:23]} {[%emt 00:00:27]} 28.
Kg2 {[%clk 01:23:03]} {[%emt 00:00:16]} b5 {[%clk 01:14:16]} {[%emt 00:00:38]}
29. Kf3 {[%clk 01:23:20]} {[%emt 00:00:12]} Re6 {[%clk 01:13:17]} {[%emt
00:01:29]} 30. Rd4 {[%clk 01:23:03]} {[%emt 00:00:47]} Kf7 {[%clk 01:13:33]}
{[%emt 00:00:14]} 31. a4 {[%clk 01:23:24]} {[%emt 00:00:10]} Rd6 {[%clk
01:11:47]} {[%emt 00:02:16]} 32. Rb4 {[%clk 01:22:24]} {[%emt 00:01:30]} Rd5
{[%clk 01:11:23]} {[%emt 00:00:55]} 33. h4 {[%clk 01:20:45]} {[%emt 00:02:08]}
e5 {[%clk 01:09:00]} {[%emt 00:02:53]} 34. axb5 {[%clk 01:20:08]} {[%emt
00:01:08]} Rxb5 {[%clk 01:08:50]} {[%emt 00:00:39]} 35. Ra4 {[%clk 01:20:30]}
{[%emt 00:00:08]} a5 {[%clk 01:07:09]} {[%emt 00:02:11]} 36. c4 {[%clk
01:20:53]} {[%emt 00:00:07]} Rc5 {[%clk 01:07:37]} {[%emt 00:00:03]} 37. b3
{[%clk 01:21:10]} {[%emt 00:00:13]} Ke6 {[%clk 01:07:28]} {[%emt 00:00:39]} 38.
Ra1 {[%clk 01:21:24]} {[%emt 00:00:17]} h5 {[%clk 01:07:15]} {[%emt 00:00:41]}
39. Ke3 {[%clk 01:21:39]} {[%emt 00:00:14]} f5 {[%clk 01:03:49]} {[%emt
00:03:57]} 40. Ra2 {[%clk 01:20:49]} {[%emt 00:01:21]} Kf6 {[%clk 00:59:36]}
{[%emt 00:04:43]} 41. Ra1 {[%clk 01:19:43]} {[%emt 00:01:35]} g5 {[%clk
00:58:11]} {[%emt 00:01:56]} 42. hxg5+ {[%clk 01:20:01]} {[%emt 00:00:12]} Kxg5
{[%clk 00:58:35]} {[%emt 00:00:06]} 43. Kf3 {[%clk 01:20:17]} {[%emt 00:00:14]}
h4 {[%clk 00:55:17]} {[%emt 00:03:48]} 44. gxh4+ {[%clk 01:20:29]} {[%emt
00:00:18]} Kxh4 {[%clk 00:55:46]} {[%emt 00:00:02]} 45. Ra2 {[%clk 01:18:34]}
{[%emt 00:02:25]} Kg5 {[%clk 00:55:49]} {[%emt 00:00:27]} 46. Ke3 {[%clk
01:18:14]} {[%emt 00:00:50]} Kf6 {[%clk 00:49:37]} {[%emt 00:06:42]} 47. Ra1
{[%clk 01:18:37]} {[%emt 00:00:07]} Ke6 {[%clk 00:49:56]} {[%emt 00:00:11]} 48.
Ra2 {[%clk 01:18:28]} {[%emt 00:00:39]} Kd6 {[%clk 00:50:14]} {[%emt 00:00:12]}
49. Rd2+ {[%clk 01:18:22]} {[%emt 00:00:36]} Kc6 {[%clk 00:49:23]} {[%emt
00:01:21]} 50. Rf2 {[%clk 01:18:27]} {[%emt 00:00:25]} f4+ {[%clk 00:49:48]}
{[%emt 00:00:05]} 51. Ke4 {[%clk 01:18:51]} {[%emt 00:00:06]} Kb6 {[%clk
00:50:10]} {[%emt 00:00:08]} 52. Rh2 {[%clk 01:15:50]} {[%emt 00:03:31]} Kb7
{[%clk 00:47:47]} {[%emt 00:02:52]} 53. Rf2 {[%clk 01:15:15]} {[%emt 00:01:06]}
Kc6 {[%clk 00:47:14]} {[%emt 00:01:03]} 54. Rh2 {[%clk 01:15:26]} {[%emt
00:00:18]} Kd7 {[%clk 00:47:35]} {[%emt 00:00:09]} 55. Rd2+ {[%clk 01:15:36]}
{[%emt 00:00:21]} Ke6 {[%clk 00:47:18]} {[%emt 00:00:47]} 56. Ra2 {[%clk
01:15:58]} {[%emt 00:00:08]} Kf6 {[%clk 00:47:30]} {[%emt 00:00:19]} 57. Ra1
{[%clk 01:15:53]} {[%emt 00:00:35]} Kg5 {[%clk 00:47:31]} {[%emt 00:00:28]} 58.
Ra2 {[%clk 01:15:36]} {[%emt 00:00:48]} Kg4 {[%clk 00:47:47]} {[%emt 00:00:14]}
59. Rg2 {[%clk 01:14:38]} {[%emt 00:01:29]} Kh3 {[%clk 00:47:57]} {[%emt
00:00:18]} 60. Rc2 {[%clk 01:13:24]} {[%emt 00:01:44]} Kg3 {[%clk 00:45:27]}
{[%emt 00:03:00]} 61. Rc3+ {[%clk 01:13:16]} {[%emt 00:00:38]} Kf2 {[%clk
00:42:32]} {[%emt 00:03:25]} 62. Rc2+ {[%clk 01:13:39]} {[%emt 00:00:08]} Ke1
{[%clk 00:42:58]} {[%emt 00:00:03]} 63. Ra2 {[%clk 01:14:00]} {[%emt 00:00:10]}
Kd1 {[%clk 00:42:32]} {[%emt 00:00:56]} 64. Rf2 {[%clk 01:13:37]} {[%emt
00:00:53]} Kc1 {[%clk 00:41:03]} {[%emt 00:01:59]} 65. Ra2 {[%clk 01:12:02]}
{[%emt 00:02:05]} Kb1 {[%clk 00:38:06]} {[%emt 00:03:27]} 66. Rf2 {[%clk
01:12:21]} {[%emt 00:00:11]} Ka1 {[%clk 00:37:51]} {[%emt 00:00:46]} 67. Rh2
{[%clk 01:11:40]} {[%emt 00:01:11]} Kb1 {[%clk 00:37:00]} {[%emt 00:01:21]} 68.
Rf2 {[%clk 01:11:16]} {[%emt 00:00:53]} Kc1 {[%clk 00:37:23]} {[%emt 00:00:07]}
69. Ra2 {[%clk 01:11:28]} {[%emt 00:00:19]} Kd1 {[%clk 00:37:43]} {[%emt
00:00:10]} 70. Rf2 {[%clk 01:11:44]} {[%emt 00:00:13]} Ke1 {[%clk 00:37:54]}
{[%emt 00:00:19]} 71. Ra2 {[%clk 01:12:07]} {[%emt 00:00:07]} Kf1 {[%clk
00:37:58]} {[%emt 00:00:25]} 72. Rc2 {[%clk 01:10:16]} {[%emt 00:02:21]} Rc8
{[%clk 00:35:31]} {[%emt 00:02:58]} 73. c5 {[%clk 01:08:56]} {[%emt 00:01:51]}
Ke1 {[%clk 00:35:11]} {[%emt 00:00:49]} 74. c6 {[%clk 01:08:01]} {[%emt
00:01:24]} Kd1 {[%clk 00:35:00]} {[%emt 00:00:42]} 75. Rc5 {[%clk 01:07:38]}
{[%emt 00:00:52]} Ke2 {[%clk 00:35:22]} {[%emt 00:00:08]} 76. Rc2+ {[%clk
01:07:50]} {[%emt 00:00:18]} Kd1 {[%clk 00:35:23]} {[%emt 00:00:30]} 77. Rc5
{[%clk 01:08:08]} {[%emt 00:00:12]} Ke2 {[%clk 00:35:48]} {[%emt 00:00:06]} 78.
Rc2+ {[%clk 01:08:23]} {[%emt 00:00:14]} Kd1 {[%clk 00:35:27]} {[%emt
00:00:50]} 1/2-1/2